[Event "7th UI&UL GM"]
[Site "Dhaka BAN"]
[Date "2005.04.09"]
[Round "6"]
[White "Chowdhury,So"]
[Black "Shamima,A"]
[Result "1-0"]
[WhiteElo "2163"]
[BlackElo "2061"]

1.e4 c5 2.Nf3 e6 3.d4 cxd4 4.Nxd4 a6 5.Bd3 Bc5 6.Nb3 Ba7 7.Qg4 Nf6 8.Qg3 d6
9.Bg5 Nc6 10.Nc3 h6 11.Bd2 e5 12.O-O-O Ne7 13.h4 Ng4 14.Rdf1 h5 15.f3 Nf6
16.Qxg7 Ng6 17.Bg5 Be3+ 18.Kb1 Bxg5 19.hxg5 Nd7 20.Bc4 Rf8 21.Bxf7+ Rxf7
22.Qxg6 Nf8 23.Qxh5 Be6 24.f4 Kd7 25.f5 Bc4 26.Rd1 Rh7 27.Qg4  1-0

[Event "ch-RUS u18"]
[Site "Nojabrsk RUS"]
[Date "2005.04.11"]
[Round "6"]
[White "Nechepurenko,R"]
[Black "Romanov,E"]
[Result "0-1"]
[WhiteElo "2402"]
[BlackElo "2437"]

1.e4 c5 2.Nf3 e6 3.d4 cxd4 4.Nxd4 a6 5.Bd3 Nf6 6.O-O d6 7.a4 Be7 8.Nc3 O-O
9.Be3 Nc6 10.Nb3 b6 11.f4 Bb7 12.Qf3 Nb4 13.Qh3 e5 14.Rad1 Qc7 15.fxe5 dxe5
16.Bg5 Ne8 17.Be3 Nd6 18.Qg3 f6 19.Qf2 Bd8 20.a5 bxa5 21.Bc5 Nxd3 22.Rxd3 Be7
23.Bb6 Qc8 24.Bc5 Qc7 25.Rfd1 Nxe4 26.Nxe4 Bxe4 27.Rd7 Rfd8 28.Rxd8+ Rxd8
29.Re1 Bxc5 30.Nxc5 Bd5 31.Rd1 Bc6 32.Rxd8+ Qxd8 33.h3 Qd5  0-1

[Event "7th UI&UL GM"]
[Site "Dhaka BAN"]
[Date "2005.04.13"]
[Round "10"]
[White "Reefat,S"]
[Black "Fominyh,A"]
[Result "1/2-1/2"]
[WhiteElo "2473"]
[BlackElo "2505"]

1.e4 c5 2.Nf3 e6 3.d4 cxd4 4.Nxd4 a6 5.Bd3 Bc5 6.Nb3 Ba7 7.Qe2 Nc6 8.Nc3 d6
9.Be3 b5 10.O-O Nf6 11.f4 b4 12.Na4 e5 13.Bxa7 Rxa7 14.f5 O-O 15.a3 a5 16.Bb5 Bd7
17.g4 h6 18.h4 d5 19.exd5 Nd4 20.Nxd4 exd4 21.Bxd7 Qxd7 22.axb4 Re8 23.Qg2 Nxd5
24.Nc5 Qd6 25.Rfe1 Rae7 26.Rxe7 Rxe7 27.Ne4 Qxb4 28.g5 hxg5 29.hxg5 Ne3 30.Qf3 Re5
31.Ng3 Qxb2 32.Qa8+ Kh7 33.Qh1+ Kg8 34.Qa8+  1/2-1/2

[Event "ch-UKR w u20"]
[Site "Kharkiv UKR"]
[Date "2005.04.19"]
[Round "1"]
[White "Breslavska,G"]
[Black "Kalinina,O"]
[Result "1-0"]
[WhiteElo "2102"]
[BlackElo "2022"]

1.e4 c5 2.Nf3 e6 3.d4 cxd4 4.Nxd4 a6 5.Bd3 Bc5 6.Nb3 Be7 7.O-O d6 8.Nc3 Nf6
9.f4 Qc7 10.Kh1 b5 11.e5 Nfd7 12.exd6 Qxd6 13.Be3 Bb7 14.Na5 Bc6 15.Nxc6 Nxc6
16.f5 Nde5 17.Ne4 Qc7 18.fxe6 fxe6 19.Ng5 Nxd3 20.Qxd3 Bxg5 21.Bxg5 Ne7 22.Qf3 Nd5
23.Rae1 Qd7 24.Qh5+ g6 25.Qg4 Nc7 26.Rd1 Nd5 27.Qf3 Ra7 28.Rfe1 Rf8 29.Qxd5 Rf1+
30.Rxf1 Qxd5 31.Rxd5 exd5 32.c3 a5 33.Kg1 b4 34.Re1+ Kf7 35.Bd2 bxc3 36.Bxc3 a4
37.a3 Rd7 38.Rd1 Ke6 39.Kf2 g5 40.Ke3 h5 41.Kd4 Kf5 42.Kc5 Ke4 43.Rd4+ Ke3
44.Rxd5 Rxd5+ 45.Kxd5 Kf2 46.g4  1-0

[Event "Torch Real Estate Cup"]
[Site "Jinan CHN"]
[Date "2005.04.22"]
[Round "3"]
[White "Zhao Lan"]
[Black "Zhang Jilin"]
[Result "0-1"]
[WhiteElo "2187"]
[BlackElo "2336"]

1.e4 c5 2.Nf3 e6 3.d4 cxd4 4.Nxd4 a6 5.Bd3 Nf6 6.O-O Qc7 7.c4 b6 8.Nc3 Bb7
9.Qe2 d6 10.Kh1 Be7 11.Bd2 O-O 12.Rac1 Nbd7 13.b3 Rac8 14.f4 Qb8 15.Bb1 Rfe8
16.Nf3 Bf8 17.Rce1 g6 18.Ng5 h6 19.e5 Nh5 20.Nxf7 Kxf7 21.Qg4 Ng7 22.Bxg6+ Kg8
23.Bxe8 Rxe8 24.Qg6 Re7 25.exd6 Qxd6 26.Nd5 Bxd5 27.cxd5 Qxd5 28.Bb4 Nc5
29.Re5 Qd4 30.Bxc5 bxc5 31.Qxh6 Nf5 32.Qg6+ Kh8 33.Rfe1 Rg7 34.Qh5+ Rh7 35.Qg6 Rg7
36.Qh5+ Kg8 37.R5e4 Qf2 38.R4e2 Qxf4 39.Re4 Qd2 40.R4e2 Qd5 41.Qe8 Re7 42.Qg6+ Kh8
43.Rxe6 Rg7 44.Qh5+ Kg8 45.Qe2 Nd4 46.Re5 Nxe2 47.Rxd5 Nc3 48.Rd8 Rf7 49.a4 Ne2
50.g4 Nd4 51.Re3 Kg7 52.Ra8 Rb7 53.Rxa6 Nxb3 54.g5 Nd4 55.h4 Nf5 56.Rh3 Be7  0-1

[Event "2nd Open"]
[Site "Porto Carras GRE"]
[Date "2005.04.25"]
[Round "5"]
[White "Mastrovasilis,D"]
[Black "Miezis,N"]
[Result "1/2-1/2"]
[WhiteElo "2562"]
[BlackElo "2564"]

1.e4 c5 2.Nf3 e6 3.d4 cxd4 4.Nxd4 a6 5.Bd3 Nc6 6.Nxc6 dxc6 7.Nd2 e5 8.Qh5 Bd6
9.Nc4 Nf6 10.Nxd6+ Qxd6 11.Qe2 Nd7 12.O-O Nc5 13.Rd1 Qe7 14.b3 Nxd3 15.Rxd3 O-O
16.a4 Rd8 17.Ba3 Qe8 18.Rxd8 Qxd8 19.Rd1 Qe8 20.Qd2 Be6 21.Qd6 Qb8 22.Bb2 Qxd6
23.Rxd6 Re8 24.Bxe5 f5 25.exf5 Bxf5 26.f4 Re7 27.c4 Rd7 28.c5 a5 29.Kf2 Kf7
30.Ke3 Rxd6 31.cxd6 c5 32.Kd2 Bd7 33.Kc3 b5 34.axb5 Bxb5 35.g4 g6 36.f5 gxf5
37.gxf5 h5 38.h4 Ke8 39.Kd2 Bd7 40.f6 Be6 41.Kc3 Kf7 42.Kb2 Bd7 43.Kc2 Ke6
44.Kd3 Bb5+ 45.Ke4 a4 46.bxa4 Bxa4 47.Kf4 Be8 48.Ke4 Bf7 49.Kd3 Kd7 50.Kc3 Ke6
51.Kb2 Kd7 52.Ka3 Kc6 53.Kb2 Kd7 54.Kc2 Ke6 55.Kd2 Be8 56.Ke3 Bf7 57.Ke4 Be8
58.Kf4 c4 59.Ke4 Bf7 60.Kd4 Kd7 61.Kc5 Be6 62.Bc3 Bf7 63.Bb4 Bg8 64.Be1 Bf7
65.Bd2 Bg8 66.Bc3 Bf7 67.Bb2 Bg8 68.Ba3 c3 69.Kd4 c2 70.Ke5 Bf7 71.Bb2 Kc6
72.Bc1 Kd7 73.Bf4 Kc6 74.Kf5 c1=Q 75.Bxc1 Kxd6 76.Ba3+ Kd7 77.Bb4 Be8 78.Be7 Bf7
79.Kg5  1/2-1/2

[Event "Heroes Day Candidates"]
[Site "Bridgetown BAR"]
[Date "2005.04.28"]
[Round "2"]
[White "Farley,T"]
[Black "Austin,D"]
[Result "1/2-1/2"]
[WhiteElo "2186"]
[BlackElo "2163"]

1.e4 c5 2.Nf3 e6 3.d4 cxd4 4.Nxd4 a6 5.Bd3 Nf6 6.O-O Qc7 7.a4 d6 8.Nc3 Be7
9.f4 O-O 10.Kh1 b6 11.Qe1 Bb7 12.Bd2 Nbd7 13.Qg3 Rfe8 14.Rae1 Nc5 15.e5 Nfd7
16.f5 Nxe5 17.fxe6 fxe6 18.b4 Ncxd3 19.cxd3 Bf8 20.Ne4 Bxe4 21.Rxe4 Qd7 22.Rfe1 Rac8
23.b5 axb5 24.axb5 Rc5 25.Qh3  1/2-1/2

[Event "SME Open"]
[Site "Ostrava CZE"]
[Date "2005.05.02"]
[Round "3"]
[White "Poloch,P"]
[Black "Potomak,V"]
[Result "1/2-1/2"]
[WhiteElo "2302"]
[BlackElo "2185"]

1.e4 c5 2.Nf3 e6 3.d4 cxd4 4.Nxd4 a6 5.Bd3 Nf6 6.O-O Qc7 7.Qe2 Nc6 8.Nxc6 dxc6
9.Nd2 e5 10.Nc4 b5 11.Ne3 Be6 12.a4 Rb8 13.Nf5 h5 14.Bd2 g6 15.Ne3 Bd6 16.Rfc1 Nd7
17.b4 Nf6 18.axb5 axb5 19.c4 Qb7 20.cxb5 cxb5 21.Ra5 Bd7 22.f3 O-O 23.Rca1 Rfd8
24.Nc2 Bc7 25.Ra6 Bb6+ 26.Be3 Bxe3+ 27.Qxe3 Be6 28.R6a5 Qc6 29.R1a3  1/2-1/2

[Event "62nd ch-POL"]
[Site "Poznan POL"]
[Date "2005.05.03"]
[Round "12"]
[White "Szelag,M"]
[Black "Markowski,T"]
[Result "0-1"]
[WhiteElo "2497"]
[BlackElo "2560"]

1.e4 c5 2.Nf3 e6 3.d4 cxd4 4.Nxd4 a6 5.Bd3 Nf6 6.O-O d6 7.c4 b6 8.Nc3 Bb7
9.f4 Nbd7 10.Qe2 g6 11.Kh1 Bg7 12.b3 O-O 13.Bb2 Nh5 14.Nc2 Nc5 15.Ne1 Qh4
16.Qe3 f5 17.exf5 exf5 18.Qf2 Qxf2 19.Rxf2 Rae8 20.Bc2 Re3 21.Na4 Rfe8 22.Nf3 Nxa4
23.Bxg7 Kxg7 24.bxa4 Nxf4 25.h4 Re2 26.Raf1 Bxf3 27.Rxf3 Rxc2 28.Rxf4 Ree2
29.Rd1 Rxg2 30.Rxd6 Rh2+ 31.Kg1 Rcg2+ 32.Kf1 Rxa2 33.Kg1 Rhg2+ 34.Kf1 Rgb2
35.Rfd4 Rxa4 36.Rd7+ Kh6  0-1

[Event "Japfa Match"]
[Site "Jakarta INA"]
[Date "2005.05.05"]
[Round "4"]
[White "Megaranto,S"]
[Black "Dao Thien Hai"]
[Result "0-1"]
[WhiteElo "2489"]
[BlackElo "2609"]

1.e4 c5 2.Nf3 e6 3.d4 cxd4 4.Nxd4 a6 5.Bd3 Nc6 6.Nxc6 bxc6 7.c4 Nf6 8.Nc3 e5
9.O-O Be7 10.Be3 d6 11.h3 O-O 12.Qe2 Be6 13.b3 a5 14.Rfd1 Nd7 15.Bc2 Qb8
16.Rac1 Kh8 17.Kh1 Rg8 18.Bb1 Nc5 19.f4 exf4 20.Bxf4 g5 21.Bg3 g4 22.h4 Qf8
23.e5 Qh6 24.Qf2 Nd7 25.exd6 Bxh4 26.Bxh4 g3 27.Qd4+ f6 28.Qe4 Rg4 29.Qxh7+ Qxh7
30.Bxh7 Rxh4+ 31.Kg1 Kxh7 32.Re1 Nc5 33.Rcd1 Rh8 34.Re3 Kg6 35.Rxg3+ Kf7
36.Kf2 Rh1 37.Rd4 Rc1 38.d7 Nxd7 39.Ne4 Rhh1  0-1

[Event "ch-FRA National 1"]
[Site "Lille FRA"]
[Date "2005.05.05"]
[Round "8"]
[White "Le Diouron,A"]
[Black "Rouchouse,S"]
[Result "0-1"]
[WhiteElo "2012"]
[BlackElo "2196"]

1.e4 c5 2.Nf3 e6 3.d4 cxd4 4.Nxd4 a6 5.Bd3 Nf6 6.O-O d6 7.c4 Bd7 8.Nc3 Nc6
9.Be3 Be7 10.Rc1 O-O 11.Kh1 Nxd4 12.Bxd4 Bc6 13.f4 Nd7 14.e5 dxe5 15.fxe5 Bc5
16.Qh5 g6 17.Qg4 Bxd4 18.Qxd4 Qg5 19.Ne4 Qxe5 20.Qxe5 Nxe5 21.Bb1 Rad8 22.c5 Nd3
23.Bxd3 Rxd3 24.Rfe1 Rd4 25.Ng3 Rd2 26.Re2 Rfd8  0-1

[Event "ch-FRA National 1"]
[Site "Lille FRA"]
[Date "2005.05.06"]
[Round "9"]
[White "Delorme,L"]
[Black "Tagnon,N"]
[Result "1/2-1/2"]
[WhiteElo "2036"]
[BlackElo "2003"]

1.e4 c5 2.Nf3 e6 3.d4 cxd4 4.Nxd4 a6 5.Bd3 Qc7 6.O-O Nf6 7.c4 Nc6 8.Be3 Ne5
9.f3 Bd6 10.h3 Nxc4 11.Bxc4 Qxc4 12.Nf5 exf5 13.Qxd6 fxe4 14.Bc5 Qe6 15.Nc3 Qxd6
16.Bxd6 b5 17.fxe4 Bb7 18.Rae1 Rc8 19.a4 bxa4 20.Nxa4 Rc4 21.Nc5 Bc6 22.e5 Nh5
23.Rc1 Rxc1 24.Rxc1 Nf4 25.Rc2 Nd5 26.Nxa6 f6 27.b4 Kf7 28.exf6 gxf6 29.Nc7 Ne3
30.Re2 Nf5 31.Bf4 Nd4 32.Rd2 Ne6 33.Nxe6 Kxe6 34.g3 Ra8 35.Rd6+ Ke7 36.Rd2 Ra1+
37.Kf2 Rb1 38.Re2+ Kf7 39.Bd6 Kg6 40.h4 Rb3 41.Rc2 Rd3 42.Bf4 Rf3+ 43.Ke1 Rb3
44.Rc4 Kf7 45.Kd2 Ke6 46.Kc2 Rf3 47.Rc5 Ba4+ 48.Kc1 Rb3 49.Rh5 Rxb4 50.Rxh7 Rc4+
51.Kd2 Rc8 52.Rh5 Rc2+ 53.Kd3 Rh2 54.Ke3 Rh1 55.Kf2 Bc6 56.Rh6 Kf5 57.Bc7 Rh2+
58.Ke3 Rh3 59.Kd4 Bf3 60.Kc5 Bc6 61.Bf4 Rh1 62.Kd6 Re1 63.Kc7 Re6 64.Rh5+ Kg6
65.Rh8 Kg7 66.Rh6 Re4 67.Rh5 Kg6 68.Ra5 f5 69.Kd6 Re6+ 70.Kc5 Be4 71.Rb5 Bc6
72.Rb8 Re7 73.Bg5 Re5+  1/2-1/2

[Event "SME Open"]
[Site "Ostrava CZE"]
[Date "2005.05.06"]
[Round "7"]
[White "Vyskocil,N"]
[Black "Potomak,V"]
[Result "0-1"]
[WhiteElo "2304"]
[BlackElo "2185"]

1.e4 c5 2.Nf3 e6 3.d4 cxd4 4.Nxd4 a6 5.Bd3 Nf6 6.O-O Qc7 7.Qe2 Nc6 8.Nxc6 dxc6
9.e5 Nd7 10.Re1 Nc5 11.a4 Nxd3 12.Qxd3 b6 13.Nd2 Bb7 14.Qg3 Rd8 15.Ne4 c5
16.Bg5 Rd4 17.Nf6+ gxf6 18.Bxf6 h5 19.Bxh8 Rg4 20.Qh3 Bxg2 21.Qxg2 Rxg2+
22.Kxg2 Be7 23.Bg7 Bg5 24.f3 c4 25.c3 f5 26.exf6 Kf7 27.Re2 h4 28.Re4 Bf4
29.Rae1 Bxh2 30.f4 Bxf4 31.Rxe6 Qc5 32.Re7+ Kg6 33.Bh8 h3+ 34.Kf3 Qf5 35.R1e4 Be5+
36.Ke3 Qg5+ 37.Ke2 Qg2+ 38.Ke3 Qg3+  0-1

[Event "Huila Centenary"]
[Site "Neiva COL"]
[Date "2005.05.11"]
[Round "2"]
[White "Uribe,M"]
[Black "Zapata,A"]
[Result "0-1"]
[WhiteElo "2359"]
[BlackElo "2520"]

1.e4 c5 2.Nf3 e6 3.d4 cxd4 4.Nxd4 a6 5.Bd3 Nf6 6.O-O Qc7 7.Qe2 d6 8.c4 g6
9.Nc3 Bg7 10.Be3 O-O 11.Rac1 b6 12.Rfd1 Bb7 13.f3 Nbd7 14.Qf2 Rac8 15.Bf1 Qb8
16.b4 Rfe8 17.Nb3 d5 18.exd5 exd5 19.c5 Ne5 20.Bd4 b5 21.Qh4 Nh5 22.a4 bxa4
23.Nxa4 Bf6 24.Qf2 Bg5 25.Na5 Nc4 26.Nxc4 dxc4 27.Nb6 Rcd8 28.Nxc4 Bc8  0-1

[Event "Huila Centenary"]
[Site "Neiva COL"]
[Date "2005.05.12"]
[Round "4"]
[White "Korneev,O"]
[Black "Zapata,A"]
[Result "1-0"]
[WhiteElo "2611"]
[BlackElo "2520"]

1.e4 c5 2.Nf3 e6 3.d4 cxd4 4.Nxd4 a6 5.Bd3 Nf6 6.O-O Qc7 7.Qe2 d6 8.c4 g6
9.Nc3 Bg7 10.Rd1 O-O 11.Nf3 Nc6 12.h3 Nd7 13.Bf4 Bxc3 14.bxc3 e5 15.Bh6 Re8
16.Nh2 Nc5 17.Bc2 Qe7 18.Ng4 Na5 19.g3 Be6 20.Ne3 Rac8 21.Nd5 Bxd5 22.cxd5 Rc7
23.c4 Nd7 24.Bd3 Rec8 25.Rab1 Qd8 26.Kg2 b6 27.Rdc1 Nb7 28.Qe3 Nbc5 29.Be2 Rb8
30.h4 Nf6 31.Bf3 Qd7 32.Qe2 Qa4 33.h5 Ncd7 34.Qe3 Rbc8 35.hxg6 hxg6 36.Rh1 Ne8
37.Qg5 Rxc4 38.Qh4 f6 39.Qg4 Nf8 40.Bxf8  1-0

[Event "Huila Centenary"]
[Site "Neiva COL"]
[Date "2005.05.13"]
[Round "6"]
[White "Cuartas,Jo"]
[Black "Zapata,A"]
[Result "1/2-1/2"]
[WhiteElo "2131"]
[BlackElo "2520"]

1.e4 c5 2.Nf3 e6 3.d4 cxd4 4.Nxd4 a6 5.Bd3 Nf6 6.f4 Bc5 7.Nb3 Ba7 8.Qf3 d6
9.Nc3 Nc6 10.Be3 O-O 11.Bxa7 Rxa7 12.g4 Nd7 13.O-O-O b5 14.g5 b4 15.Ne2 e5
16.Kb1 exf4 17.Qxf4 Nde5 18.Nbd4 Nxd4 19.Nxd4 f6 20.gxf6 Qxf6 21.Qd2 a5 22.Rhf1 Qd8
23.Rxf8+ Qxf8 24.c3 Bg4 25.Be2 bxc3 26.Qxc3 Bxe2 27.Nxe2 h6 28.Ng3 g6 29.Qd4 Rb7
30.b3 Qf7 31.Qxd6 Rxb3+ 32.axb3 Qxb3+ 33.Ka1 Qa4+ 34.Kb1 Qb3+ 35.Ka1  1/2-1/2

[Event "ch-EST"]
[Site "Tallinn EST"]
[Date "2005.05.13"]
[Round "5"]
[White "Rytshagov,M"]
[Black "Kulaots,K"]
[Result "1/2-1/2"]
[WhiteElo "2455"]
[BlackElo "2572"]

1.e4 c5 2.Nf3 e6 3.d4 cxd4 4.Nxd4 a6 5.Bd3 Bc5 6.Nb3 Ba7 7.O-O Ne7 8.c4 d6
9.Nc3 Nbc6 10.Qe2 O-O 11.Be3 e5 12.Rad1 Be6 13.Nd5 a5 14.c5 a4 15.cxd6 Qxd6
16.Bc4 Bxd5 17.exd5 Nb4 18.Nd2 Bxe3 19.Ne4  1/2-1/2

[Event "Torch Real Estate Cup"]
[Site "Wuxi CHN"]
[Date "2005.05.13"]
[Round "12"]
[White "Yuan Jun"]
[Black "Li Shilong"]
[Result "0-1"]
[WhiteElo "2306"]
[BlackElo "2515"]

1.e4 c5 2.Nf3 e6 3.d4 cxd4 4.Nxd4 a6 5.Bd3 Bc5 6.Nb3 Ba7 7.Qg4 Nf6 8.Qe2 d6
9.Be3 Nc6 10.O-O O-O 11.Bxa7 Rxa7 12.c4 e5 13.Nc3 Be6 14.Rac1 Nd7 15.Rfd1 Nc5
16.Qe3 b6 17.Nd2 h6 18.Bf1 Bg4 19.f3 Bc8 20.Nd5 a5 21.b3 Nd4 22.a3 a4 23.b4 Ncb3
24.Rc3 Be6 25.Nb1 f5 26.exf5 Bxd5 27.cxd5 Nxf5 28.Qe4 Qg5 29.Rc6 Nbd4 30.Rxb6 Rc7
31.Rc6 Nxc6 32.dxc6 Nd4 33.Bc4+ Kh8 34.Bd3 g6 35.b5 Nxf3+ 36.Kh1 Nxh2 37.Be2 Rf4
38.Qe3 Nf1 39.Qd3 Ng3+ 40.Kg1 Rd4 41.Qf3 Rf7 42.Qxf7 Qe3+ 43.Qf2 Nxe2+  0-1

[Event "ch-LAT"]
[Site "Riga LAT"]
[Date "2005.05.14"]
[Round "2"]
[White "Neiksans,A"]
[Black "Miezis,N"]
[Result "1-0"]
[WhiteElo "2439"]
[BlackElo "2564"]

1.e4 c5 2.Nf3 e6 3.d4 cxd4 4.Nxd4 a6 5.Bd3 Nc6 6.Nxc6 dxc6 7.Nd2 e5 8.Nc4 Be6
9.Bd2 Bc5 10.Qe2 Bxc4 11.Bxc4 Nf6 12.O-O-O Qe7 13.g4 O-O-O 14.g5 Ne8 15.f4 Nd6
16.Bb3 Rd7 17.f5 Rhd8 18.h4 Nb5 19.c3 Nc7 20.Kb1 b5 21.Bc1 Bd6 22.f6 gxf6
23.gxf6 Qe8 24.Qh5 a5 25.Qxh7 a4 26.Bc2 Qe6 27.Rhf1 Qg4 28.Qf5 Qxf5 29.Rxf5 Rh8
30.h5 Ne6 31.Rh1 Rdd8 32.Rg1 Rdf8 33.Rg7 Kd7 34.h6 Nf4 35.h7 Bc7 36.b3 b4
37.cxb4 Ne6 38.bxa4 Nd4 39.Rf2 Bd6 40.Bd2 Nxc2 41.Kxc2 Ke6 42.Kb3 Rb8 43.Kc4 Bf8
44.Rh2 Bd6 45.Rh6 Rhd8 46.a3 Bc7 47.Bc3 Bb6 48.Rg5 Bc7 49.Rgh5 Rh8 50.a5 Bd6
51.Rf5 Rbc8 52.Rhh5 Rhd8 53.Bxe5 Bxe5 54.Rxe5+ Kxf6 55.Ref5+ Kg7 56.Rhg5+ Kxh7
57.Rxf7+ Kh6 58.Rg2 c5 59.bxc5 Re8 60.Rf6+ Kh5 61.Rf5+ Kh4 62.e5 Rc7 63.Rf6 Kh3
64.Rg5 Rh7 65.c6 Rh4+ 66.Kc5 Ra8 67.Kb6 Rb8+ 68.Kc7 Rb5 69.a6 Ra5 70.Kb6 Rxa3
71.c7 Rb4+ 72.Kc5 Rh4 73.c8=Q+  1-0

[Event "ch-LAT"]
[Site "Riga LAT"]
[Date "2005.05.15"]
[Round "4"]
[White "Klovans,J"]
[Black "Miezis,N"]
[Result "1/2-1/2"]
[WhiteElo "2462"]
[BlackElo "2564"]

1.e4 c5 2.Nf3 e6 3.d4 cxd4 4.Nxd4 a6 5.Bd3 Nc6 6.Nxc6 dxc6 7.Nd2 e5 8.Qh5 Bd6
9.Nc4 Nf6 10.Nxd6+ Qxd6 11.Qe2 Nd7 12.Be3 Nc5 13.O-O-O Qe7 14.Qe1 O-O 15.Qa5 b5
16.Kb1 Re8 17.f3 Be6 18.Qb4 Nxd3 19.Qxe7 Rxe7 20.Rxd3 f5  1/2-1/2

[Event "62nd ch-GEO w"]
[Site "Tblisi GEO"]
[Date "2005.05.15"]
[Round "10"]
[White "Melia,S"]
[Black "Charkhalashvili,I"]
[Result "1/2-1/2"]
[WhiteElo "2333"]
[BlackElo "2321"]

1.e4 c5 2.Nf3 e6 3.d4 cxd4 4.Nxd4 a6 5.Bd3 Qc7 6.O-O Nc6 7.Nxc6 dxc6 8.f4 Nf6
9.e5 Nd5 10.Qe2 b5 11.c3 Bc5+ 12.Kh1 g6 13.b3 Qb6 14.Rf3 Bb7 15.Be4 Rd8 16.Nd2 Rd7
17.Nf1 b4 18.cxb4 Bxb4 19.Bb2 a5 20.Bd3 Bc3 21.Bxc3 Nxc3 22.Qb2 Nd5 23.Be4 Ba6
24.Ng3 Ke7 25.Bxd5 cxd5 26.f5 Rdd8 27.fxe6 fxe6 28.Qd2 Rhf8 29.Qg5+ Kd7 30.Qh6 Rxf3
31.Qxh7+ Kc8 32.gxf3 Kb8 33.Rc1 Bb7  1/2-1/2

[Event "ch-UKR sf"]
[Site "Alushta UKR"]
[Date "2005.05.17"]
[Round "2"]
[White "Pavlov,Ma"]
[Black "Smirnov,I UKR"]
[Result "0-1"]
[WhiteElo "2319"]
[BlackElo "2439"]

1.e4 c5 2.Nf3 e6 3.d4 cxd4 4.Nxd4 a6 5.Bd3 Nf6 6.O-O Qc7 7.c4 Nc6 8.Nxc6 dxc6
9.f4 e5 10.Kh1 Bd6 11.f5 Bc5 12.Nd2 Be7 13.a3 a5 14.Nf3 b6 15.Bd2 Bb7 16.Bc3 Nd7
17.b4 O-O 18.Qe2 Rfd8 19.g4 f6 20.h4 h6 21.Rg1 axb4 22.axb4 Rxa1 23.Rxa1 c5
24.b5 Nf8 25.g5 hxg5 26.hxg5 fxg5 27.Bc2 Bf6 28.Rg1 Qe7 29.Qh2 Re8 30.Qh5 Nh7
31.Rd1 Rd8 32.Nh2 Rxd1+ 33.Qxd1 Nf8 34.Ng4 Qd7 35.Qf3 Qe8 36.Ne3 Nd7 37.Kg2 Qa8
38.Kg3 Qa3 39.Nd5 Bxd5 40.cxd5 Qc1 41.Bb3 Qf4+ 42.Kg2 g4 43.d6+ Kf8 44.Qe2 g3
45.Bd2 Qh4 46.Qc4 Qh2+ 47.Kf3 Qh5+ 48.Ke3 Bg5+ 49.Kd3 Nf6 50.Bxg5 g2 51.Be3 Qe8
52.Kc2 Qd7 53.Kb2 Ke8 54.Qe6+ Kd8 55.Qxe5 Ng4 56.Bg5+ Kc8 57.Qd5 Kb8 58.Qg8+ Ka7
59.Qe6 Qxe6 60.fxe6 g1=Q 61.d7 Qd4+ 62.Ka2 Nf6 63.Bd5 Qa4+ 64.Kb1 Qxb5+ 65.Kc2 Nxd7
66.e7 Ne5 67.Bf4 Ng6  0-1

[Event "53rd ch-HUN w"]
[Site "Szeged HUN"]
[Date "2005.05.18"]
[Round "7"]
[White "Madl,I"]
[Black "Gara,T"]
[Result "1-0"]
[WhiteElo "2375"]
[BlackElo "2296"]

1.e4 c5 2.Nf3 e6 3.d4 cxd4 4.Nxd4 a6 5.Bd3 Nc6 6.Nxc6 dxc6 7.Nd2 e5 8.Qh5 Bd6
9.Nc4 Nf6 10.Nxd6+ Qxd6 11.Qe2 O-O 12.O-O Be6 13.a4 Nd7 14.b3 Rfd8 15.Ba3 Qc7
16.Qe3 c5 17.Rfd1 b6 18.Be2 a5 19.Bb2 f6 20.g3 Nf8 21.Rxd8 Rxd8 22.Rd1 Bf7
23.Rxd8 Qxd8 24.Bd3 Ne6 25.c3 Nf8 26.Bc2 c4 27.b4 axb4 28.cxb4 Ne6 29.Bc3 Nd4
30.Bd1 Be6 31.Qd2 Qd7 32.f3 Nb3 33.Qxd7 Bxd7 34.a5 bxa5 35.bxa5 Bb5 36.Kf2 Kf7
37.Ke3 Ke6 38.f4 g6 39.h4 Nc5 40.Bc2 Nd3 41.Bd1 Nc5 42.h5 gxh5 43.Bxh5 exf4+
44.gxf4 f5 45.e5 Ne4 46.Kd4 Ng3 47.Bf3 Ne4 48.Be2 Nxc3 49.Kxc3 Kd5 50.Bh5 Ke6
51.Bf3 Ba6 52.Kd4 Kd7 53.Be2 c3 54.Bd1 h5 55.Kxc3 h4 56.Bf3 h3 57.Kd4 Bb5
58.Ke3 Kc7  1-0

[Event "48th TCh-SCG"]
[Site "Herceg Novi SCG"]
[Date "2005.05.20"]
[Round "6"]
[White "Popovic,Du"]
[Black "Markus,R"]
[Result "1/2-1/2"]
[WhiteElo "2471"]
[BlackElo "2584"]

1.e4 c5 2.Nf3 e6 3.d4 cxd4 4.Nxd4 a6 5.Bd3 Nf6 6.Qe2 d6 7.Be3 Be7 8.f4 e5
9.fxe5 dxe5 10.Nf3 O-O 11.Nc3 Nc6 12.O-O-O Qc7 13.a3 Na5 14.Bg5 Re8  1/2-1/2

[Event "ch-UKR w"]
[Site "Alushta UKR"]
[Date "2005.05.21"]
[Round "6"]
[White "Zdebskaja,N"]
[Black "Ivanenko,O"]
[Result "1/2-1/2"]
[WhiteElo "2344"]
[BlackElo "2161"]

1.e4 c5 2.Nf3 e6 3.d4 cxd4 4.Nxd4 a6 5.Bd3 Qc7 6.O-O Nf6 7.c4 d6 8.b3 Nbd7
9.Qe2 Be7 10.Bb2 Ne5 11.Bc2 Ng6 12.Nd2 O-O 13.f4 e5 14.fxe5 dxe5 15.Nf5 Nf4
16.Qf3 Bb4 17.Rad1 g6 18.Ne3 Bc5 19.Kh1 Bxe3 20.Qxe3 Ng4 21.Qf3 g5 22.h3 Nh6
23.g3 Nxh3  1/2-1/2

[Event "TCh-ROM A"]
[Site "Tusnad ROM"]
[Date "2005.05.21"]
[Round "1"]
[White "Vasiesiu,D"]
[Black "Ionescu,Co"]
[Result "1/2-1/2"]
[WhiteElo "2401"]
[BlackElo "2452"]

1.e4 c5 2.Nf3 e6 3.d4 cxd4 4.Nxd4 a6 5.Bd3 Nf6 6.O-O Qc7 7.Qe2 d6 8.c4 g6
9.Nc3 Bg7 10.Nf3 O-O 11.Bf4 Nc6 12.h3 Nd7 13.Rac1 Nce5 14.Rfd1 b6 15.b3 Bb7
16.Bb1 Rfd8 17.Nh2 Rac8 18.Bg5 Bf6 19.Bh6 Bg7 20.Bxg7 Kxg7 21.f4 Nc6 22.Qb2 f6
23.Qd2 Nf8 24.Ng4 b5 25.cxb5 axb5 26.Kh1 h5 27.Ne3 Qb6 28.Qf2 Qa5 29.Qg3 Ne7
30.e5 dxe5 31.Rxd8  1/2-1/2

[Event "ch-UKR sf"]
[Site "Alushta UKR"]
[Date "2005.05.23"]
[Round "8"]
[White "Dobronovsky,R"]
[Black "Lichman,P"]
[Result "1-0"]
[WhiteElo "2096"]
[BlackElo "2256"]

1.e4 c5 2.Nf3 e6 3.d4 cxd4 4.Nxd4 a6 5.Bd3 Qc7 6.O-O b5 7.Be3 Bb7 8.Nd2 Nf6
9.Qe2 Be7 10.f4 d6 11.c3 Nbd7 12.Bf2 O-O 13.Rae1 Nc5 14.Bb1 d5 15.exd5 Nxd5
16.Bg3 Bd6 17.Qh5 Nf6 18.Qe2 Bd5 19.Kh1 g6 20.c4 bxc4 21.Nxc4 Nce4 22.Nxd6 Nxg3+
23.hxg3 Qxd6 24.Nf3 a5 25.Ne5 Rfb8 26.Rc1 a4 27.Rfd1 Qb4 28.Rd2 Rc8 29.Rdc2 Rxc2
30.Rxc2 Rb8 31.Kh2 h5 32.a3 Qb3 33.Rd2 Qb7 34.Bc2 Qa7 35.Bd3 Qb6 36.Bc2 Qa5
37.Bd3 Kg7 38.Rc2 Qb6 39.Rd2 Rh8 40.Qf2 Qa5 41.Bb1 Be4 42.Bc2 Bd5 43.Qd4 Qc7
44.Bxa4 Rd8 45.Bc2 Kg8 46.b4 Rc8 47.Bd1 Qe7 48.Rc2 Rd8 49.Rd2 Rc8 50.a4 Rc1
51.Rc2 Rb1 52.Rb2 Rc1 53.a5 Ne4 54.Rc2 Rxc2 55.Bxc2 Nd6 56.Bd3 Qb7 57.a6 Qa8
58.Nd7 Nc8 59.Nf6+ Kf8 60.Nd7+ Ke7 61.Ne5 Qa7 62.Qxa7+ Nxa7 63.b5 Nc8 64.Bc4 Be4
65.Be2 f6 66.Nc4 Kd7 67.b6 Ne7 68.Na5 Kc8 69.Bf3  1-0

[Event "ch-UKR w"]
[Site "Alushta UKR"]
[Date "2005.05.23"]
[Round "8"]
[White "Dolzhikova,K"]
[Black "Ivanenko,O"]
[Result "1/2-1/2"]
[WhiteElo "2232"]
[BlackElo "2161"]

1.e4 c5 2.Nf3 e6 3.d4 cxd4 4.Nxd4 a6 5.Bd3 Qc7 6.O-O Nf6 7.Qe2 Nc6 8.Nxc6 dxc6
9.e5 Nd5 10.f4 Bd7 11.c4 Nb4 12.Be4 c5 13.Nc3 Nc6 14.Be3 Nd4 15.Qf2 g6 16.Rad1 Nf5
17.g4 Nxe3 18.Qxe3 O-O-O 19.Qf3 Kb8 20.Rd2 Be7 21.Rfd1 Bc8 22.g5 h5 23.Kf2 Rd4
24.Bd3 Bd7 25.Ne2 Bc6 26.Qe3 Rd7 27.Be4 Rhd8 28.Rxd7 Rxd7 29.Rxd7 Qxd7 30.Bxc6 Qxc6
31.Qf3 Qd7 32.Qc3 Qd1 33.Qc1 Qd3 34.b3 Qh3 35.Qg1 Qf5 36.Qd1 Kc8 37.Qd2 Bxg5
38.Qd6 Bh4+ 39.Ke3 Qh3+ 40.Kd2 Bf2 41.Qf8+ Kc7 42.Qd6+ Kc8 43.Qf8+ Kc7 44.Qd6+ Kc8
45.Qf8+  1/2-1/2

[Event "13th Guillermo Garcia mem Prem II"]
[Site "Santa Clara CUB"]
[Date "2005.05.23"]
[Round "3"]
[White "Gongora,M"]
[Black "Almeida,O"]
[Result "1/2-1/2"]
[WhiteElo "2454"]
[BlackElo "2452"]

1.e4 c5 2.Nf3 e6 3.d4 cxd4 4.Nxd4 a6 5.Bd3 Bc5 6.Nb3 Ba7 7.c4 Ne7 8.Nc3 O-O
9.O-O d6 10.Kh1 e5 11.f4 exf4 12.Bxf4 Ng6 13.Bg3 Nc6 14.Be2 Nge5 15.Qd2 Be6
16.Nd5 a5 17.a4 Kh8 18.Rac1 Bc5 19.Nxc5 dxc5 20.Bf2 b6 21.Be3 Ra7 22.Rf4 Rd7
23.Rcf1 Ng6 24.R4f2 Nge5 25.h3 f6 26.b3 Bf7 27.Bd1 Bg6 28.Bc2 Re8 29.Re2 Nf7
30.Bf2 Ng5 31.Rfe1 Ne6 32.Bh4 Ned4 33.Rf2 Rd6 34.Bg3 Rd7 35.Bh4 Qb8 36.Qc3 Nb4
37.Bb1 Nxd5 38.cxd5 Rde7 39.Bg3 Qd8 40.Rf4 Qd7 41.Bd3 f5 42.exf5 Rxe1+ 43.Bxe1 Bxf5
44.Rxf5 Nxf5 45.Bb5 Rxe1+ 46.Qxe1 Qxd5 47.Qe8+ Qg8 48.Qd7 g6 49.Bc4 Qf8 50.Qe6 Qd8
51.Qe5+ Ng7 52.Bf7 Qd1+ 53.Kh2 Qd8 54.Kh1 Qd1+ 55.Kh2 Qd8 56.g4 g5 57.Bc4 h6
58.Kg3 Qc8 59.Qd5 Kh7 60.Bd3+ Kh8 61.Bc4 Kh7 62.Kf3 Qf8+ 63.Ke2 Ne8 64.Qb7+ Qg7
65.Bd3+ Kg8 66.Qxb6 Qe5+ 67.Kd1 Qd6 68.Qb5 Nc7 69.Qc4+ Kf8 70.Kc2 Nd5 71.Kb1 Nb4
72.Bc2 Qd4 73.Qe6 Qg1+ 74.Kb2 Qd4+ 75.Kb1 Qg1+ 76.Kb2 Qd4+  1/2-1/2

[Event "TCh-ROM A"]
[Site "Tusnad ROM"]
[Date "2005.05.24"]
[Round "4"]
[White "Todoran,I"]
[Black "Chirila,I"]
[Result "1-0"]
[WhiteElo "2133"]
[BlackElo "2339"]

1.e4 c5 2.Nf3 e6 3.d4 cxd4 4.Nxd4 a6 5.Bd3 Nf6 6.c4 Qc7 7.O-O Be7 8.Nc3 O-O
9.Be3 d6 10.Rc1 Nbd7 11.f4 Re8 12.g4 Nc5 13.Bb1 g6 14.g5 Nh5 15.f5 Bf8 16.Qf3 Qe7
17.f6 Qd7 18.b4 Na4 19.Nde2 Nb2 20.Nd1 Na4 21.Ndc3 Nb2 22.Nd1 Na4 23.Bc2 b6
24.Ng3 Nxg3 25.hxg3 Bb7 26.Rf2 d5 27.Rh2 d4 28.Bd2 e5 29.g4 b5 30.Bxa4 bxa4
31.Nf2 h6 32.Qh1  1-0

[Event "30th Elekes Mem GM"]
[Site "Budapest HUN"]
[Date "2005.05.25"]
[Round "5"]
[White "Medvegy,Z"]
[Black "Izsak,Gyu"]
[Result "1/2-1/2"]
[WhiteElo "2474"]
[BlackElo "2459"]

1.e4 c5 2.Nf3 e6 3.d4 cxd4 4.Nxd4 a6 5.Bd3 Ne7 6.c4 Nbc6 7.Be3 Nxd4 8.Bxd4 Nc6
9.Bc3 Qc7 10.Nd2 Bb4 11.Bxb4 Nxb4 12.Be2 O-O 13.O-O Nc6 14.Nb3  1/2-1/2